000 00709nam a22002777a 4500
001 BR2018000082
003 BR-BrBNA
005 20230928105220.0
007 ta
008 230509b bl.||||| |||| 00| 0 por d
040 _aBR-BrBNA
_bpor
_cBiblioteca Nacional de Agricultura
041 _a(Por)
072 _aE40; D50
090 _ E40 BR2018000082
100 1 _aTeixeira Júnior, A.B.
100 1 _aPalatnic, G.T.
245 1 _aDireito cooperativo previdenciário
260 3 _aBrasília, DF (Brasil):
_c2017.
300 _a191 p.
500 _a24 ref.
650 _aCOOPERATIVISMO
650 _aLEGISLAÇÃO
650 _aDIREITO
_93
909 _a202309
_bLucia
_c55
_dLucia Elande
942 _cBK
999 _c84081
_d84081